MARC

LEADER 00000nam0a2200000 4500
001 298773
005 20231102001134.0
035 |a (RuTPU)RU\TPU\book\323916 
090 |a 298773 
100 |a 20150620d1976 k y0rusy50 ca 
101 0 |a rus 
102 |a RU 
105 |a a z 000zy 
200 1 |a Развитие техники тепловых электростанций  |f А. А. Канаев 
210 |a Ленинград  |c Энергия  |d 1976 
215 |a 150 с.  |c ил. 
606 1 |a Тепловые электрические станции  |2 stltpush  |3 (RuTPU)RU\TPU\subj\59599  |9 77109 
610 1 |a ТЭС 
610 1 |a мощность 
610 1 |a тепловые схемы 
610 1 |a тепломеханическое оборудование 
610 1 |a компоновка 
610 1 |a газотурбинные станции 
610 1 |a парогазовые теплоэлектроцентрали 
610 1 |a атомные электрические станции 
610 1 |a термоядерная энергетика 
610 1 |a солнечная энергетика 
610 1 |a термальные воды 
675 |a 621.311.22  |v 3 
700 1 |a Канаев  |b А. А.  |g Андрей Андреевич 
801 1 |a RU  |b 63413507  |c 20150620 
801 2 |a RU  |b 63413507  |c 20161024  |g RCR 
942 |c BK